000 00515cam a2200193 4500
001 D6276
008 090401t1977 xxu||||| |||| 00| 0 eng d
035 _a(Sirsi) u93998
041 _aeng
050 _a692.3
100 _aJordan, P.G.
245 _aValuation of variations, notes prepared by P.G. Jordan and N.M.L Barnes
260 _aLondon
_bStandard Method of Measurement Developme
_c1977
300 _a4 leaves. 30cm
350 _a0
520 _aFiled at SMMDU/22
942 _n0
948 _c04/03/1997
999 _c97876
_d97876